| 000 | 00492 a2200181 4500 | ||
|---|---|---|---|
| 005 | 20260107091839.0 | ||
| 008 | 260107b |||||||| |||| 00| 0 eng d | ||
| 020 | _a9780195734744 | ||
| 050 |
_aGA151 _b.C44 2009 |
||
| 100 | _aChege, J. N. D. | ||
| 245 | _aMap Reading and photograph interpretation | ||
| 250 | _arev. ed. | ||
| 260 |
_bOxford University Press _c2009 _aNairobi, Kenya |
||
| 300 |
_a110 P.: _c27 cm |
||
| 650 | _aMap reading. | ||
| 700 | _aKibuuka, Paul | ||
| 942 |
_cBK _2lcc |
||
| 999 |
_c60078 _d60078 |
||